00890cam a2200277 a 450000100100000000500170001000800410002701000170006803500190008503500200010404000320012408200150015610000280017124500470019925000110024626000730025730000210033050400290035165000190038065000180039965000190041791000370043604900090047395201130048299900170059500001841620240509200458.0890124s1948 fr b 001 0 fre d a 49023425  a(DLC) 49023425 a(OCoLC)19058512 aDO-SdBNPbBNPHUcLNT-LdDLC a168bC678a1 aCohendy, Georges93987512aL'art de la plaidoirie /cGeorges Cohendy. a3e ed. aParis :bLibrairie Générale de droit et de jurisprudence,c1948. a119 p. ;c23 cm. aBibliografía: p. [115] 4aOratoria91172 0aLógica9332 4aDebates939876 aCatalogación por derivada / LC aBNGR 001050718MOaGRbGRcCTd2010-05-06iLF1l0o168 C678ap18416-10r2020-06-25w2020-06-25y1ZNo se presta c17937d17937